Statystyki dla Charlie Puth - Wszystkie piosenki

Kliknij tutaj aby rozwiązać quiz!

Ogólne statystyki

  • Ten quiz został rozwiązany 6 razy
  • Średni wynik to 11 z 41

Statystyki odpowiedzi

Tytuł piosenki% Poprawnych
See You Again
100%
Attention
80%
We Don't Talk Anymore
80%
Dangerously
60%
How Long
60%
Somebody Told Me
60%
The Way I Am
60%
As You Are
40%
BOY
40%
Cheating on You
40%
Girlfriend
40%
I Warned Myself
40%
LA Girls
40%
Left Right Left
40%
Marvin Gaye
40%
Mother
40%
One Call Away
40%
Through It All
40%
After All
20%
Change
20%
Empty Cups
20%
I Hope
20%
My Gospel
20%
Slow It Down
20%
Some Type of Love
20%
Summer Feelings
20%
Then There's You
20%
Up All Night
20%
Does It Feel
0%
Done for Me
0%
Free
0%
Hard On Myself
0%
If You Leave Me Now
0%
Is It Just Me?
0%
I Won't Tell a Soul
0%
Losing My Mind
0%
Nothing But Trouble
0%
Oops
0%
Patient
0%
River
0%
Suffer
0%

Rozkład punktacji

Percentyl według liczby udzielonych odpowiedzi

Procent ludzi z każdym wynikiem

Twoja historia wyników

Nie rozwiązałeś tego quizu